| 000 | 01222nam a2200265Ia 4500 | ||
|---|---|---|---|
| 003 | OSt | ||
| 005 | 20250505151449.0 | ||
| 008 | 191128t2009 ck er 000 f spa d | ||
| 020 | _a9789584221124 | ||
| 040 |
_aCO-JMCR _cCO-JMCR |
||
| 041 | _aspa | ||
| 082 | 0 | 4 |
_aA-N _bYOUc _223 |
| 100 | 1 |
_aYoung, William Paul, _eautor _98325 |
|
| 245 | 1 | 3 |
_aLa cabaña / _cWilliam Paul Young |
| 260 |
_aBogotá : _bPlaneta, _c©2009 |
||
| 300 |
_a279 Páginas ; _c23 cm. |
||
| 505 | 0 | _aConfluencia de caminos -- La oscuridad se avecina -- El punto de inclinación -- La gran tristeza -- Adivina quién viene a cenar -- Una pieza [pi] --Dios en el muelle -- Un desayuno de campeones -- hace mucho tiempo, en un jardín muy , muy lejano… | |
| 520 | 0 | _aLa hija menos de Mackenzie Allen Phillips, Missy, es raptada durante unas vacaciones familiares, y se encuentran evidencias de que pudo haber sido brutalmente asesinada en una cabaña abandonada en lo más profundo de los bosques de oregon. | |
| 534 | _pThe Shack | ||
| 650 | 2 | 4 |
_aNovela canadiense _98326 |
| 650 | 2 | 4 |
_aNiños desaparecidos _911677 |
| 650 | 2 | 4 |
_aEventos de cambio de vida _911678 |
| 700 | 1 |
_aEnrique C. Mercado González, _etraductor _98327 |
|
| 942 |
_2ddc _cBK |
||
| 999 |
_c4138 _d4138 |
||